Герхард Хауптман (Запис номер 117557)
[ съкратено ]
| 000 -Лидер | |
|---|---|
| Контролно поле с фиксирана дължина | nam a22 a 4500 |
| 003 - Код на организацията, давaща контролен номер | |
| Контролно поле | BLK |
| 005 - Дата и час на последна редакция | |
| Контролно поле | 20210730104112.0 |
| 008 - Елементи от данни с фиксирана дължина | |
| fixed length control field | 180409b bul|||||r ||||||| ||bul|| |
| 010 ## - Наследен системен номер | |
| LC control number | KNG00123144000 |
| 040 ## - Източник на каталожния запис | |
| Идентификатор на билиотеката - собственик на записа | BLK |
| 041 ## - Код за език | |
| Код за езика на текст/звукозапис или на отделно заглавие | Български |
| Код за езика КДБФ | Български |
| 080 ## - УДК | |
| Текстов определител УДК | Немска литература |
| УДК код - определител по УДК | 821.112.2 |
| УДК определител | (092) |
| УДК - код + определител | 821.112.2(092) |
| 080 ## - УДК | |
| Текстов определител УДК | Немски писател и драматург |
| УДК код - определител по УДК | 929 Хауптман, Герхарт |
| УДК - код + определител | 929 Хауптман, Герхарт |
| 100 1# - Редна дума - Автор | |
| Автор | Акселрод, Ида |
| Авторска отговорност | първи автор |
| R(LIN) | 315301 |
| 139 ## - Редно поле | |
| Редна дума | Акселрод, Ида |
| Авторски знак | Хау - Х 32 |
| 245 10 - Сведения за заглавието | |
| Заглавие | Герхард Хауптман |
| Редно поле (дума) | Ида Акселрод; прев. Георги Бакалов. |
| 257 ## - Страна на издаване | |
| Страна на създаване/издаване | Германия |
| 260 ## - Област на издателските данни | |
| Място на издаване, разпространение и проч. | Бургас |
| Име на издателя, разпространителя и проч. | книж. Сидер Тодоров |
| Година на издаване | 1908 |
| 9 (RLIN) | 216974 |
| Печатница | Карнобат : Д. Ангелов и Ж. Манев |
| 300 ## - Физическа характеристика | |
| Страници | 54 с. |
| Размери/Мащаб | 20 см |
| 380 ## - Жанр | |
| Жанр | Худож. лит. |
| 490 ## - СЕРИИ (Колекции) | |
| Име на серия | Литературно-научна библиотека |
| №: серия | № 10 |
| 9 (RLIN) | 206569 |
| 600 14 - Име на лице, използвано като предмет | |
| За него / За нея | Хауптман, Герхарт |
| 9 (RLIN) | 376363 |
| 650 #4 - Допълнително описание по предмет – тема | |
| Основно описание – тема или топоним | Писатели, немски - биографии |
| 9 (RLIN) | 276400 |
| 650 #4 - Допълнително описание по предмет – тема | |
| Основно описание – тема или топоним | Немска литература - биографии |
| 9 (RLIN) | 280690 |
| 650 #4 - Допълнително описание по предмет – тема | |
| Основно описание – тема или топоним | Нобелови награди |
| 9 (RLIN) | 287907 |
| 650 #4 - Допълнително описание по предмет – тема | |
| Основно описание – тема или топоним | Хауптман, Герхарт |
| 9 (RLIN) | 376363 |
| 651 #4 - Допълнително описание по предмет - топоним | |
| Географско понятие | Германия |
| 9 (RLIN) | 178754 |
| 653 ## - Ключова дума – ненормативна | |
| Ключова дума | Герхарт Хауптман |
| 653 ## - Ключова дума – ненормативна | |
| Ключова дума | немски писатели |
| 653 ## - Ключова дума – ненормативна | |
| Ключова дума | нобелови награди |
| 700 1# - Други автори (авторска отговорност) | |
| Лично име | Бакалов, Георги |
| Автороска отговорност (Описва отношението между автора и произведението) | прев. |
| 9 (RLIN) | 363975 |
| 852 ## - Местоположение | |
| Форматна сигнатура | Цб 8.195.3056 |
| 852 ## - Местоположение | |
| Форматна сигнатура | Цб 8.200.48435 |
| Фондова буква | Хранилище |
| 856 4# - Електронен адрес и достъп | |
| Електронен формат | pdf - файл |
| 856 4# - Електронен адрес и достъп | |
| Електронен формат | pdf - файл |
| 999 ## - СИСТЕМНИ КОНТРОЛНИ НОМЕРА | |
| Koha biblionumber | 117557 |
| Koha biblioitemnumber | 117557 |
| 942 ## - АРТИКУЛИ | |
| Вид на библиотечния материал | Книги |
| Скрит в OPAC | Не |
| Периодичен библиозапис | Да |
| 944 ## - СЪЗДАВАНЕ И РЕДАКЦИЯ на ЗАПИСА | |
| Създаване/Редакция | Създаване |
| Дата на регистрацията/редакция | 29.04.2011 |
| Статус, дата на статуса | добави в АБ / 28.04.2011 |
| Служител, извършил регистрацията/редакцията | Людмила_Стоянова |
| 944 ## - СЪЗДАВАНЕ И РЕДАКЦИЯ на ЗАПИСА | |
| Създаване/Редакция | Редакция |
| Дата на регистрацията/редакция | 03.05.2011 |
| Статус, дата на статуса | добави в АБ / 28.04.2011 |
| 999 ## - СИСТЕМНИ КОНТРОЛНИ НОМЕРА | |
| Koha biblioitemnumber | 117557 |
| 999 ## - СИСТЕМНИ КОНТРОЛНИ НОМЕРА | |
| Koha biblioitemnumber | 117557 |
| Код за отписване | Код за изгубен артикул | Източник на класификационната схема | Код за повреда | Коз за рестрикции | Код за отдаване | Артикулен № | Име на библиотеката - собственик | Име на библиотеката, в която се намира в момента | Статус (Текущо местоположение) | Дата на вписване в системата | Местоположение - отдел | Цена в лева | Инвентарен номер | Систематично азбучна сигнатура | Баркод | Номер на екземпляра | Цена в евро | Служебна бележка | Служебен тип на артикула |
|---|---|---|---|---|---|---|---|---|---|---|---|---|---|---|---|---|---|---|---|
| Не е изгубен | Universal Decimal Classification | Не е повреден | само за читалня | ползва се в читалня | 189617 | Регионална библиотека "Любен Каравелов" Русе | Регионална библиотека "Любен Каравелов" Русе | Хранилище | 1908-01-01 | Основен фонд - ползва се само за читалня | 0.04 | 3056 | Цб 8.195.3056 | 900000070480 | 1 | 0.02 | Вид: Сф Дата: 01.01.1908 | Книги | |
| Не е изгубен | Universal Decimal Classification | Не е повреден | само за читалня | ползва се в читалня | 189618 | Регионална библиотека "Любен Каравелов" Русе | Регионална библиотека "Любен Каравелов" Русе | Хранилище | 1908-01-01 | Основен фонд - ползва се само за читалня | 0.04 | 3056-а | Цб 8.195.3056 | 900000070479 | 2 | 0.02 | Вид: Сф Дата: 01.01.1908 | Книги | |
| Не е изгубен | Universal Decimal Classification | Не е повреден | само за читалня | ползва се в читалня | 846797 | Регионална библиотека "Любен Каравелов" Русе | Регионална библиотека "Любен Каравелов" Русе | Хранилище | 2021-08-05 | Основен фонд - ползва се само за читалня | 0.11 | 11815/58 | Цб 8.200.48435 | 900000071926 | 0.06 | Книги |